Statistics for Cities of the United States by Picture

Click here to take the quiz!

General Stats

  • This quiz has been taken 28 times
  • The average score is 9 of 24

Answer Stats

Answer% Correct
Los Angeles
100%
Seattle
96%
Las Vegas
92%
Orlando
92%
San Francisco
79%
New York City
67%
St. Louis
63%
Chicago
58%
Miami
58%
Detroit
38%
Atlanta
33%
Boston
25%
Philadelphia
25%
Houston
21%
San Diego
21%
Denver
17%
Austin
13%
Charlotte
13%
Indianapolis
8%
Baltimore
4%
Nashville
4%
Phoenix
4%
Columbus
0%
Kansas City
0%

Score Distribution

Percentile by Number Answered

Percent of People with Each Score

Your Score History

You have not taken this quiz